000 00250nam a2200097 a 4500
005 20201002035928.0
008 131113s1978 000 spa d
245 0 _aNo permitas que nadie te robe tu sueƱo.
260 _a[s.l.],
_c1978.
999 _c41568
_d41568
040 _aDO-SdBNP